| 000 | 01103nam a2200289 i 4500 | ||
|---|---|---|---|
| 999 |
_c200439842 _d58054 |
||
| 003 | TR-AnTOB | ||
| 005 | 20240429084642.0 | ||
| 007 | ta | ||
| 008 | 210304s1963 tu g 2 00| 0 tur d | ||
| 040 |
_aTR-AnTOB _beng _erda _cTR-AnTOB |
||
| 041 | _atur | ||
| 050 | 1 | 4 |
_aKKX3648 _b.E734 1963 |
| 090 |
_aKKX3648 _b.E734 1963 |
||
| 100 | 1 |
_aErdemi, Rıfat _eauthor _9129496 |
|
| 245 | 1 | 0 |
_aŞerhli-izahlı en yeni kazai, ilmi içtihatları, yetkili mercilerin kararlarında muhtevi Brüksel Gümrük kıymetli mukavelenamesiyle mukayeseli gümrük vergisi matrahı (normal fiyat) ve noksan beyanının hukuku neticeleri / _cRıfat Erdemi. |
| 246 | 3 | 3 | _aGümrük vergisi matrahı (normal fiyat) ve noksan beyanının hukuku neticeleri |
| 264 | 3 |
_aAnkara : _bGürsay Basımevi, _c1963. |
|
| 300 |
_a222 pages ; _c24 cm |
||
| 336 |
_2rdacontent _atext _btxt |
||
| 337 |
_2rdamedia _aunmediated _bn |
||
| 338 |
_2rdacarrier _avolume _bnc |
||
| 504 | _aBIB | ||
| 650 | 0 |
_aGümrük idaresi _xHukuk ve mevzuat _zTürkiye _988953 |
|
| 942 |
_2lcc _cBK |
||